[Event "VIE-ch U13"]
[Site "Hanoi"]
[Date "2022.06.15"]
[Round "6"]
[White "Truong, Sy Khoi"]
[Black "Le, Tuan Huy"]
[Result "0-1"]
[WhiteElo "2349"]
[BlackElo "2360"]
[PlyCount "62"]
[EventDate "2022.06.11"]
[EventType "swiss"]
[EventRounds "9"]
[EventCountry "VIE"]
[SourceTitle "EXT 2023"]
[Source "ChessBase"]
[SourceDate "2022.10.05"]
[SourceVersion "1"]
[SourceVersionDate "2022.10.05"]
[SourceQuality "1"]

1. e4 c5 2. Nf3 e6 3. c4 Nc6 4. d3 Qc7 5. Nc3 a6 6. g3 b6 7. Bg2 Bb7 8. 0-0 Be7 9. Be3 Nf6 10. Re1 0-0 11. Bf4 d6 12. e5 dxe5 13. Nxe5 Nxe5 14. Bxe5 Qd7 15. Ne4 Nxe4 16. Bxe4 Bxe4 17. Rxe4 f6 18. Bc3 e5 19. Qe2 Rfd8 20. Rd1 Bf8 21. f4 exf4 22. Rxf4 Bd6 23. Re4 Re8 24. Qf3 Rad8 25. Rg4 Kh8 26. Rxg7 Qxg7 27. Bxf6 Be5 28. Bxg7+ Bxg7 29. Qb7 Re2 30. Qxb6 Bd4+ 31. Kh1 Rf8 0-1

[Event "VIE-ch U13"]
[Site "Hanoi"]
[Date "2022.06.14"]
[Round "5"]
[White "Tran, Nguyen Hoang Lam"]
[Black "Truong, Sy Khoi"]
[Result "1-0"]
[WhiteElo "2346"]
[BlackElo "2349"]
[PlyCount "33"]
[EventDate "2022.06.11"]
[EventType "swiss"]
[EventRounds "9"]
[EventCountry "VIE"]
[SourceTitle "EXT 2023"]
[Source "ChessBase"]
[SourceDate "2022.10.05"]
[SourceVersion "1"]
[SourceVersionDate "2022.10.05"]
[SourceQuality "1"]

1. d4 d5 2. e3 a6 3. Bd3 Nf6 4. Nd2 e6 5. f4 c5 6. c3 Nc6 7. Ngf3 Bd6 8. 0-0 c4 9. Bb1 0-0 10. Ne5 Bxe5 11. fxe5 Nd7 12. Qh5 h6 13. e4 dxe4 14. Nxe4 f6 15. Rf3 Qe8 16. Qxe8 Rxe8 17. Rg3 1-0

[Event "VIE-ch U13"]
[Site "Hanoi"]
[Date "2022.06.13"]
[Round "3"]
[White "Dam, Quoc Bao"]
[Black "Truong, Sy Khoi"]
[Result "1-0"]
[WhiteElo "2376"]
[BlackElo "2349"]
[PlyCount "45"]
[EventDate "2022.06.11"]
[EventType "swiss"]
[EventRounds "9"]
[EventCountry "VIE"]
[SourceTitle "EXT 2023"]
[Source "ChessBase"]
[SourceDate "2022.10.05"]
[SourceVersion "1"]
[SourceVersionDate "2022.10.05"]
[SourceQuality "1"]

1. d4 d5 2. c4 Bf5 3. Nc3 e6 4. Qb3 Nc6 5. cxd5 exd5 6. Qxd5 Qxd5 7. Nxd5 0-0-0 8. Ne3 Nxd4 9. Bd2 Nf6 10. Rc1 Ne4 11. Bc3 Bc5 12. Nf3 Nxf3+ 13. exf3 Rhe8 14. fxe4 Rxe4 15. Bd2 Bd4 16. b3 Bb2 17. Rd1 Bg6 18. Be2 f5 19. 0-0 f4 20. Bg4+ Kb8 21. Nc4 Bf6 22. Bf3 Red4 23. Bc1 1-0